Les espoirs du cinéma ayant reçu le Prix Patrick-Dewaere - Statistiques

Statistiques générales
  • Ce quiz a été pris 35 fois
  • Le résultat moyen est 6 sur 11
Statistiques - réponses
Année Prénom Nom % Correct
2010 Tahar Rahim
88%
2012 Joey Starr
85%
2011 Gilles Lellouche
82%
2015 Reda Kateb
76%
2009 Louis Garrel
73%
2016 Vincent Lacoste
61%
2014 Pierre Niney
61%
2013 Raphaël Personnaz
39%
2008 Jocelyn Quivrin
36%
2019 Philippe Katerine
21%
2018 Nahuel Pérez Biscayart
12%
Aucun quiz correspondant
Distribution des résultats
% des personnes avec chaque résultat
Percentile par nombre de réponses
Votre historique - résultats
Vous n’avez pas pris ce quiz